Sociological debates : (Record no. 3086)

MARC details
000 -LEADER
fixed length control field 01037nam a2200301 a 4500
001 - CONTROL NUMBER
control field 4026770
003 - CONTROL NUMBER IDENTIFIER
control field OSt
005 - DATE AND TIME OF LATEST TRANSACTION
control field 20160226161137.0
008 - FIXED-LENGTH DATA ELEMENTS--GENERAL INFORMATION
fixed length control field 960119s1995 enk b 000 0 eng d
010 ## - LIBRARY OF CONGRESS CONTROL NUMBER
LC control number 97189290
020 ## - INTERNATIONAL STANDARD BOOK NUMBER
International Standard Book Number 1874529558 (pbk.)
035 ## - SYSTEM CONTROL NUMBER
System control number (OCoLC)34053255
040 ## - CATALOGING SOURCE
Original cataloging agency UkNcU
Transcribing agency UkNcU
Modifying agency DLC
042 ## - AUTHENTICATION CODE
Authentication code lccopycat
050 00 - LIBRARY OF CONGRESS CALL NUMBER
Classification number HM24
Item number .S549 1995
082 00 - DEWEY DECIMAL CLASSIFICATION NUMBER
Classification number 301
Edition number 21
Item number SOC 1995
245 00 - TITLE STATEMENT
Title Sociological debates :
Remainder of title thinking about 'the social' /
Statement of responsibility, etc. edited by Floya Anthias and Michael P. Kelly.
260 ## - PUBLICATION, DISTRIBUTION, ETC. (IMPRINT)
Place of publication, distribution, etc. Dartford, Kent, U.K. :
Name of publisher, distributor, etc. Greenwich University Press,
Date of publication, distribution, etc. 1995.
300 ## - PHYSICAL DESCRIPTION
Extent xvi, 438 p. ;
Dimensions 25 cm.
440 #0 - SERIES STATEMENT/ADDED ENTRY--TITLE
Title Greenwich readers ;
Volume/sequential designation 13
9 (RLIN) 6846
504 ## - BIBLIOGRAPHY, ETC. NOTE
Bibliography, etc Includes bibliographical references.
650 #0 - SUBJECT ADDED ENTRY--TOPICAL TERM
Topical term or geographic name as entry element Sociology.
9 (RLIN) 2259
700 1# - ADDED ENTRY--PERSONAL NAME
Personal name Anthias, Floya,
Dates associated with a name 1945-
9 (RLIN) 6847
700 1# - ADDED ENTRY--PERSONAL NAME
Personal name Kelly, Michael P.
9 (RLIN) 6848
906 ## - LOCAL DATA ELEMENT F, LDF (RLIN)
a 7
b cbc
c copycat
d 2
e ncip
f 19
g y-gencatlg
942 ## - ADDED ENTRY ELEMENTS (KOHA)
Source of classification or shelving scheme Dewey Decimal Classification
Koha item type Short Loan
Holdings
Withdrawn status Lost status Source of classification or shelving scheme Damaged status Not for loan Home library Current library Date acquired Inventory number Total Checkouts Full call number Barcode Date last seen Price effective from Koha item type
    Dewey Decimal Classification     MUST Main Library MUST Main Library 26/02/2016 2002/16864   301 SOC 1995 2016-0233 26/02/2016 26/02/2016 Short Loan
    Dewey Decimal Classification     MUST Main Library MUST Main Library 01/03/2016 2002/16868   301 SOC 1995 2016-0290 01/03/2016 01/03/2016 Short Loan